000 00620nam a2200229Ia 4500
005 20260320201800.0
008 008 262003s9999 xx 000 0 eng d
037 _aEBOOK
040 _aCRL
040 _beng
040 _cCRL
041 _2eng
041 _aeng
084 _qCRL
100 _aDantas
_91135917
245 0 _aArchitecting Google Cloud Solutions: Learn to design robust and future-proof solutions with Google Cloud technologies
260 _bIEEE
856 _uhttps://ieeexplore.ieee.org/servlet/opac?bknumber=10163004
942 _cEBOOK
999 _c1723504
_d1723504